[Event "HUN-chT Youth 2019"]
[Site "Budapest"]
[Date "2019.10.28"]
[Round "5.23"]
[White "Ferku, Donat"]
[Black "Szabo, Miklos"]
[Result "0-1"]
[WhiteElo "1410"]
[BlackElo "1796"]
[Annotator "NA"]
[PlyCount "54"]
[EventDate "2019.10.26"]
[EventType "team-tourn"]
[EventCountry "HUN"]
[SourceTitle "playchess.com"]
[Source "ChessBase"]
[SourceQuality "1"]
[TimeControl "5400+30"]

1. d4 {[%emt 0:00:00]} Nf6 {[%emt 0:00:00]} 2. Nc3 {[%emt 0:00:00]} e6 {[%emt 0:00:00]} 3. Nf3 {[%emt 0:00:07]} Bb4 {[%emt 0:00:04]} 4. e3 {[%emt 0:00:30]} Nc6 {[%emt 0:01:34]} 5. Bd2 {[%emt 0:00:35]} Bxc3 {[%emt 0:00:36]} 6. Bxc3 {[%emt 0:00:08]} O-O {[%emt 0:00:47]} 7. Bd3 {[%emt 0:01:30]} d6 {[%emt 0:00:09]} 8. h3 {[%emt 0:00:19]} Re8 {[%emt 0:00:20]} 9. g4 {[%emt 0:01:31]} e5 {[%emt 0:00:38]} 10. dxe5 {[%emt 0:01:16]} dxe5 {[%emt 0:00:48]} 11. e4 {[%emt 0:01:29]} b6 {[%emt 0:04:18]} 12. Qd2 {[%emt 0:00:32]} Nd4 {[%emt 0:00:43]} 13. Bxd4 {[%emt 0:00:44]} exd4 {[%emt 0:00:02]} 14. O-O-O {[%emt 0:00:47]} Bb7 {[%emt 0:01:43]} 15. Rhg1 {[%emt 0:03:18]} c5 {[%emt 0:00:26]} 16. h4 {[%emt 0:04:52]} Rc8 {[%emt 0:02:51]} 17. c3 {[%emt 0:02:40]} c4 {[%emt 0:01:16]} 18. Bc2 {[%emt 0:03:00]} d3 {[%emt 0:00:14]} 19. Ba4 {[%emt 0:01:34]} Rxe4 {[%emt 0:00:39]} 20. Rde1 {[%emt 0:01:13]} Rxe1+ {[%emt 0:03:25]} 21. Nxe1 {[%emt 0:00:20]} Ne4 {[%emt 0:00:18]} 22. Qf4 {[%emt 0:01:15]} d2+ {[%emt 0:00:55]} 23. Kd1 {[%emt 0:00:16]} dxe1=Q+ {[%emt 0:01:00]} 24. Kxe1 {[%emt 0:00:22]} Qd3 {[%emt 0:01:56]} 25. g5 {[%emt 0:04:12]} Rd8 {[%emt 0:01:10]} 26. Qc1 {[%emt 0:01:51]} Nd2 {[%emt 0:02:14]} 27. Rg3 {[%emt 0:01:52]} Qf1# {[%emt 0:00:30]} 0-1

[Event "HUN-chT Youth 2019"]
[Site "Budapest"]
[Date "2019.10.28"]
[Round "5.25"]
[White "Kokeny, Norbert Adrian"]
[Black "Palczert, Botond"]
[Result "1-0"]
[WhiteElo "2292"]
[BlackElo "2039"]
[Annotator "NA"]
[PlyCount "51"]
[EventDate "2019.10.26"]
[EventType "team-tourn"]
[EventCountry "HUN"]
[SourceTitle "playchess.com"]
[Source "ChessBase"]
[SourceQuality "1"]
[TimeControl "5400+30"]

1. Nf3 {[%emt 0:00:00]} Nf6 {[%emt 0:00:00]} 2. g3 {[%emt 0:00:00]} g6 {[%emt 0:00:00]} 3. Bg2 {[%emt 0:00:00]} Bg7 {[%emt 0:00:00]} 4. O-O {[%emt 0:00:00]} O-O {[%emt 0:00:13]} 5. d4 {[%emt 0:00:00]} d5 {[%emt 0:00:25]} 6. c4 {[%emt 0:00:00]} dxc4 {[%emt 0:01:22]} 7. Na3 {[%emt 0:01:12]} c6 {[%emt 0:08:54]} 8. Nxc4 {[%emt 0:02:29]} Nbd7 {[%emt 0:00:32]} 9. a4 {[%emt 0:00:23]} Nb6 {[%emt 0:01:36]} 10. Nce5 {[%emt 0:02:54]} a5 {[%emt 0:01:35]} 11. b3 {[%emt 0:04:25]} Be6 {[%emt 0:01:17]} 12. Ng5 {[%emt 0:01:37]} Qc8 {[%emt 0:03:40]} 13. Ba3 {[%emt 0:00:33]} h6 {[%emt 0:07:06]} 14. Nxe6 {[%emt 0:00:55]} Qxe6 {[%emt 0:00:19]} 15. Rc1 {[%emt 0:02:35]} Nbd7 {[%emt 0:05:23]} 16. Nd3 {[%emt 0:03:28]} Rfe8 {[%emt 0:03:27]} 17. Re1 {[%emt 0:01:38]} Qg4 {[%emt 0:03:34]} 18. Nf4 {[%emt 0:04:12]} e5 {[%emt 0:05:25]} 19. Bf3 {[%emt 0:00:31]} Qg5 {[%emt 0:02:02]} 20. h4 {[%emt 0:00:07]} Qf5 {[%emt 0:00:05]} 21. e4 {[%emt 0:00:10]} Nxe4 {[%emt 0:00:13]} 22. Bxe4 {[%emt 0:00:07]} Qf6 {[%emt 0:00:16]} 23. dxe5 {[%emt 0:00:20]} Nxe5 {[%emt 0:00:35]} 24. Qd6 {[%emt 0:00:33]} Qxd6 {[%emt 0:02:52]} 25. Bxd6 {[%emt 0:00:03]} f5 {[%emt 0:00:10]} 26. Bxe5 {[%emt 0:00:20]} 1-0

[Event "HUN-chT Youth 2019"]
[Site "Budapest"]
[Date "2019.10.28"]
[Round "5.26"]
[White "Kozsik, Bende Barnabas"]
[Black "Baski, Barnabas"]
[Result "1/2-1/2"]
[WhiteElo "1943"]
[BlackElo "2037"]
[Annotator "NA RC"]
[PlyCount "93"]
[EventDate "2019.10.26"]
[EventType "team-tourn"]
[EventCountry "HUN"]
[SourceTitle "playchess.com"]
[Source "ChessBase"]
[SourceQuality "1"]
[TimeControl "5400+30"]

1. Nf3 {[%emt 0:00:00]} Nf6 {[%emt 0:00:00]} 2. g3 {[%emt 0:00:00]} b6 {[%emt 0:00:05]} 3. Bg2 {[%emt 0:00:21]} Bb7 {[%emt 0:00:08]} 4. O-O {[%emt 0:00:27]} e6 {[%emt 0:00:25]} 5. b3 {[%emt 0:01:06]} d5 {[%emt 0:02:33]} 6. Bb2 {[%emt 0:01:13]} Bd6 {[%emt 0:02:06]} 7. Ne5 {[%emt 0:02:21]} Nbd7 {[%emt 0:03:21]} 8. f4 {[%emt 0:01:40]} O-O {[%emt 0:05:36]} 9. e3 {[%emt 0:02:23]} c5 {[%emt 0:04:52]} 10. d3 {[%emt 0:07:34]} Qc7 {[%emt 0:06:26]} 11. Ng4 {[%emt 0:07:32]} Be7 {[%emt 0:03:59]} 12. Nd2 {[%emt 0:01:56]} Rad8 {[%emt 0:12:33]} 13. Qe2 {[%emt 0:07:43]} b5 {[%emt 0:13:06]} 14. a4 {[%emt 0:03:48]} a6 {[%emt 0:07:07]} 15. Ne5 {[%emt 0:08:16]} Rfe8 {[%emt 0:07:32]} 16. g4 {[%emt 0:04:46]} Nxe5 {[%emt 0:02:38]} 17. Bxe5 {[%emt 0:01:38]} Qb6 {[%emt 0:00:38]} 18. g5 {[%emt 0:04:31]} Nd7 {[%emt 0:00:17]} 19. Bc3 {[%emt 0:04:47]} b4 {[%emt 0:08:56]} 20. Bb2 {[%emt 0:00:39]} e5 {[%emt 0:00:58]} 21. Qf2 {[%emt 0:02:25]} exf4 {[%emt 0:01:27]} 22. exf4 {[%emt 0:00:28]} Qc7 {[%emt 0:02:02]} 23. h4 {[%emt 0:03:35]} Bd6 {[%emt 0:05:19]} 24. h5 {[%emt 0:02:21]} Nf8 {[%emt 0:04:16]} 25. h6 {[%emt 0:06:46]} Ne6 {[%emt 0:01:14]} 26. f5 {[%emt 0:07:31]} Nxg5 {[%emt 0:01:47]} 27. Qh4 {[%emt 0:01:31]} f6 {[%emt 0:00:40]} 28. hxg7 {[%emt 0:01:32]} Qxg7 {[%emt 0:00:16]} 29. Kh1 {[%emt 0:06:09]} Re2 {[%emt 0:01:08]} 30. Rf2 {[%emt 0:06:11]} Rxf2 {[%emt 0:01:55]} 31. Qxf2 {[%emt 0:00:13]} Qh6+ {[%emt 0:00:26]} 32. Kg1 {[%emt 0:00:16]} Re8 {[%emt 0:00:49]} 33. Nf3 {[%emt 0:00:57]} d4 {[%emt 0:00:55]} 34. Kf1 {[%emt 0:01:09]} Nxf3 {[%emt 0:00:27]} 35. Bxf3 {[%emt 0:00:11]} Qh3+ {[%emt 0:00:13]} 36. Bg2 {[%emt 0:01:13]} Qxg2+ {[%emt 0:00:14]} 37. Qxg2+ {[%emt 0:00:00]} Bxg2+ {[%emt 0:00:09]} 38. Kxg2 {[%emt 0:00:01]} Re2+ {[%emt 0:00:13]} 39. Kf3 {[%emt 0:00:26]} Rxc2 {[%emt 0:00:11]} 40. Bc1 {[%emt 0:00:31]} Rc3 {[%emt 0:01:00]} 41. Ke4 {[%emt 0:00:15]} Kf7 {[%emt 0:00:50]} 42. Rb1 {[%emt 0:00:43]} Rc2 {[%emt 0:00:24]} 43. Kd5 {[%emt 0:00:29]} Bf8 {[%emt 0:01:01]} 44. Bf4 {[%emt 0:00:27]} Rf2 {[%emt 0:00:38]} 45. Ke4 {[%emt 0:01:16]} Rg2 {[%emt 0:00:41]} 46. Rh1 {[%emt 0:00:37]} Kg8 {[%emt 0:00:42]} 47. Kd5 {[%emt 0:01:23]} 1/2-1/2

[Event "HUN-chT Youth 2019"]
[Site "Budapest"]
[Date "2019.10.28"]
[Round "5.27"]
[White "Monduk, Ferenc"]
[Black "Kelemen, Szabolcs"]
[Result "0-1"]
[WhiteElo "1987"]
[BlackElo "1960"]
[Annotator "NA RC"]
[PlyCount "94"]
[EventDate "2019.10.26"]
[EventType "team-tourn"]
[EventCountry "HUN"]
[SourceTitle "playchess.com"]
[Source "ChessBase"]
[SourceQuality "1"]
[TimeControl "5400+30"]

1. d4 {[%emt 0:00:00]} Nf6 {[%emt 0:00:00]} 2. c4 {[%emt 0:00:00]} g6 {[%emt 0:00:00]} 3. Nc3 {[%emt 0:00:00]} d5 {[%emt 0:00:00]} 4. cxd5 {[%emt 0:00:00]} Nxd5 {[%emt 0:00:00]} 5. e4 {[%emt 0:00:00]} Nxc3 {[%emt 0:00:00]} 6. bxc3 {[%emt 0:00:00]} Bg7 {[%emt 0:00:00]} 7. Bc4 {[%emt 0:00:03]} c5 {[%emt 0:00:05]} 8. Ne2 {[%emt 0:00:04]} O-O {[%emt 0:00:14]} 9. O-O {[%emt 0:00:05]} Nc6 {[%emt 0:00:24]} 10. Be3 {[%emt 0:00:13]} cxd4 {[%emt 0:01:47]} 11. cxd4 {[%emt 0:00:08]} Bg4 {[%emt 0:03:09]} 12. f3 {[%emt 0:00:17]} Na5 {[%emt 0:00:37]} 13. Bd3 {[%emt 0:00:59]} Be6 {[%emt 0:00:15]} 14. e5 {[%emt 0:08:49]} Bc4 {[%emt 0:02:07]} 15. Nf4 {[%emt 0:08:43]} Rc8 {[%emt 0:01:55]} 16. Rc1 {[%emt 0:01:12]} b5 {[%emt 0:00:45]} 17. Rf2 {[%emt 0:05:27]} Bxd3 {[%emt 0:00:48]} 18. Rxc8 {[%emt 0:00:08]} Qxc8 {[%emt 0:00:08]} 19. Qxd3 {[%emt 0:00:03]} Nc4 {[%emt 0:02:29]} 20. Rc2 {[%emt 0:00:57]} Rd8 {[%emt 0:01:11]} 21. Qe4 {[%emt 0:00:43]} Qa6 {[%emt 0:01:35]} 22. Bf2 {[%emt 0:01:45]} Qa5 {[%emt 0:06:39]} 23. h4 {[%emt 0:08:36]} e6 {[%emt 0:05:46]} 24. h5 {[%emt 0:11:24]} Bh6 {[%emt 0:08:47]} 25. hxg6 {[%emt 0:07:04]} hxg6 {[%emt 0:00:12]} 26. Nd3 {[%emt 0:10:22]} Rd5 {[%emt 0:03:11]} 27. Bh4 {[%emt 0:01:04]} Qb6 {[%emt 0:02:00]} 28. Bf2 {[%emt 0:00:34]} Qd8 {[%emt 0:00:53]} 29. Nf4 {[%emt 0:01:36]} Rd7 {[%emt 0:01:24]} 30. Nd3 {[%emt 0:05:09]} Rc7 {[%emt 0:05:38]} 31. Nc5 {[%emt 0:02:11]} Qg5 {[%emt 0:03:05]} 32. a4 {[%emt 0:01:07]} Ne3 {[%emt 0:00:50]} 33. Bh4 {[%emt 0:03:27]} Qf5 {[%emt 0:06:27]} 34. Qa8+ {[%emt 0:04:28]} Kh7 {[%emt 0:00:30]} 35. Bf6 {[%emt 0:00:56]} Bg7 {[%emt 0:00:27]} 36. Bxg7 {[%emt 0:00:35]} Kxg7 {[%emt 0:00:05]} 37. Nxe6+ {[%emt 0:00:39]} Qxe6 {[%emt 0:00:05]} 38. Rxc7 {[%emt 0:00:05]} Qa2 {[%emt 0:00:23]} 39. f4 {[%emt 0:00:06]} Qe2 {[%emt 0:01:17]} 40. Rc1 {[%emt 0:04:14]} Qd2 {[%emt 0:00:47]} 41. Qc6 {[%emt 0:00:16]} Ng4 {[%emt 0:01:32]} 42. Rf1 {[%emt 0:07:31]} Qe3+ {[%emt 0:00:28]} 43. Kh1 {[%emt 0:00:21]} Qg3 {[%emt 0:00:06]} 44. Qf6+ {[%emt 0:01:24]} Nxf6 {[%emt 0:00:10]} 45. exf6+ {[%emt 0:00:04]} Kxf6 {[%emt 0:00:06]} 46. axb5 {[%emt 0:00:06]} Qd3 {[%emt 0:00:16]} 47. Ra1 {[%emt 0:00:13]} Qxd4 {[%emt 0:00:05]} 0-1

[Event "HUN-chT Youth 2019"]
[Site "Budapest"]
[Date "2019.10.28"]
[Round "5.28"]
[White "Tancz, Janos"]
[Black "Lengyel, Andrea"]
[Result "0-1"]
[WhiteElo "1486"]
[BlackElo "1872"]
[Annotator "NA RC"]
[PlyCount "84"]
[EventDate "2019.10.26"]
[EventType "team-tourn"]
[EventCountry "HUN"]
[SourceTitle "playchess.com"]
[Source "ChessBase"]
[SourceQuality "1"]
[TimeControl "5400+30"]

1. e4 {[%emt 0:00:00]} c5 {[%emt 0:00:00]} 2. Nf3 {[%emt 0:00:00]} Nc6 {[%emt 0:00:00]} 3. d4 {[%emt 0:00:00]} cxd4 {[%emt 0:00:00]} 4. Nxd4 {[%emt 0:00:00]} Nf6 {[%emt 0:00:00]} 5. Nc3 {[%emt 0:00:09]} e5 {[%emt 0:00:00]} 6. Ndb5 {[%emt 0:00:30]} d6 7. Bg5 {[%emt 0:01:35]} a6 {[%emt 0:00:00]} 8. Na3 {[%emt 0:00:05]} b5 {[%emt 0:00:00]} 9. Nd5 {[%emt 0:00:27]} Be7 {[%emt 0:00:00]} 10. Bxf6 {[%emt 0:01:10]} Bxf6 {[%emt 0:00:01]} 11. Nxf6+ {[%emt 0:00:49]} Qxf6 {[%emt 0:04:36]} 12. Qd5 {[%emt 0:01:40]} Bb7 {[%emt 0:02:00]} 13. Rd1 {[%emt 0:02:48]} Ke7 {[%emt 0:08:43]} 14. f3 {[%emt 0:02:24]} Rab8 {[%emt 0:08:05]} 15. Qd2 {[%emt 0:00:33]} Rhd8 {[%emt 0:04:07]} 16. c3 {[%emt 0:00:25]} Qe6 {[%emt 0:05:55]} 17. b3 {[%emt 0:02:21]} Kf8 {[%emt 0:00:42]} 18. Be2 {[%emt 0:00:51]} Ne7 {[%emt 0:05:10]} 19. O-O {[%emt 0:01:11]} d5 {[%emt 0:00:43]} 20. Kh1 {[%emt 0:00:35]} Bc6 {[%emt 0:01:03]} 21. exd5 {[%emt 0:00:49]} Nxd5 {[%emt 0:04:20]} 22. c4 {[%emt 0:02:15]} b4 {[%emt 0:23:36]} 23. cxd5 {[%emt 0:01:05]} Rxd5 {[%emt 0:00:05]} 24. Qc2 {[%emt 0:00:21]} bxa3 {[%emt 0:08:12]} 25. Rxd5 {[%emt 0:02:00]} Bxd5 {[%emt 0:02:11]} 26. Qxh7 {[%emt 0:01:02]} Rc8 {[%emt 0:01:54]} 27. Qh8+ {[%emt 0:01:04]} Ke7 {[%emt 0:00:06]} 28. Qxg7 {[%emt 0:00:08]} Rc2 {[%emt 0:00:34]} 29. Qg5+ {[%emt 0:00:48]} f6 {[%emt 0:00:30]} 30. Qg7+ {[%emt 0:00:28]} Qf7 {[%emt 0:00:01]} 31. Qxf7+ {[%emt 0:00:40]} Bxf7 {[%emt 0:00:07]} 32. Bxa6 {[%emt 0:00:10]} Rxa2 {[%emt 0:00:53]} 33. h4 {[%emt 0:01:43]} Rb2 {[%emt 0:00:54]} 34. Ra1 {[%emt 0:01:14]} a2 {[%emt 0:04:50]} 35. Kh2 {[%emt 0:01:04]} Bxb3 {[%emt 0:00:16]} 36. Bd3 {[%emt 0:00:11]} Rd2 {[%emt 0:00:07]} 37. Bf1 {[%emt 0:03:30]} Rd1 {[%emt 0:01:49]} 38. Bc4 {[%emt 0:00:18]} Rxa1 {[%emt 0:00:34]} 39. Bxb3 {[%emt 0:00:07]} Rh1+ {[%emt 0:00:04]} 40. Kxh1 {[%emt 0:00:29]} a1=Q+ {[%emt 0:00:02]} 41. Kh2 {[%emt 0:00:14]} Qd4 {[%emt 0:00:26]} 42. Kh3 {[%emt 0:00:40]} e4 {[%emt 0:00:07]} 0-1

[Event "HUN-chT Youth 2019"]
[Site "Budapest"]
[Date "2019.10.28"]
[Round "5.29"]
[White "Szabo, Balazs"]
[Black "Palczert, Hajnalka"]
[Result "1/2-1/2"]
[WhiteElo "2210"]
[BlackElo "1531"]
[Annotator "TA"]
[PlyCount "83"]
[EventDate "2019.10.26"]
[EventType "team-tourn"]
[EventCountry "HUN"]
[SourceTitle "playchess.com"]
[Source "ChessBase"]
[SourceQuality "1"]

{[%evp 21,83,20,22,6,0,0,13,0,15,4,15,11,33,34,41,35,42,44,68,64,54,45,39,41,47,30,27,31,167,167,159,169,167,64,66,22,73,0,173,23,32,38,259,240,238,24,1320,1299,1397,1396,1300,297,293,0,0,0,0,0,0,0,0,0,0,0]} 1. d4 Nf6 2. c4 g6 3. Nc3 d5 4. cxd5 Nxd5 5. e4 Nxc3 6. bxc3 Bg7 7. Bc4 c5 8. Ne2 O-O 9. O-O Nc6 10. Be3 cxd4 11. cxd4 e6 12. Qd2 {D88: Exchange Grünfeld: Classical Line: 10 Be3 cxd4 11 cxd4} b6 13. Rac1 Bb7 14. Rfd1 Rc8 15. f3 Qe7 (15... Qd6 16. Bh6 Bxh6 17. Qxh6 Na5 18. Bd3 Rxc1 19. Qxc1 {½-½ (50) Nakamura,H (2746)-Vachier Lagrave,M (2781) London 2018}) 16. Bg5 $146 ({Predecessor:} 16. Qb2 Na5 17. Bd3 Rfd8 18. Bd2 Nc6 19. Bc3 Nxd4 20. Nxd4 Bxd4+ 21. Bxd4 Rxc1 22. Rxc1 {½-½ (33) Hornyak,A (1091)-Stadler,P (1421) LSS email 2013}) 16... Qd7 17. Bb5 {Hoping for d5.} a6 18. Ba4 b5 19. Bb3 $36 {[%mdl 2048] White has the initiative.} Rc7 20. d5 exd5 21. exd5 Ne5 22. Rxc7 Qxc7 23. d6 Qb6+ 24. Qe3 Qc6 (24... Qxe3+ $14 25. Bxe3 Rd8) 25. Bd5 $18 Qd7 26. Bxb7 Qxb7 {[#]} 27. Bf4 (27. d7 $1 $18 {[%cal Rd7d8][%mdl 512]} Nxd7 28. Qe7) 27... Nd7 28. Rc1 Rd8 (28... Qd5 $11 {keeps the balance.}) 29. Kf1 (29. Nd4 $16) 29... Qb8 $2 (29... Qd5 $11) 30. Qe4 (30. Rc7 $18) 30... Nf6 $11 31. Qc6 {d7 is the strong threat.} Qa7 $2 (31... Nh5 $14) 32. Bg5 $18 h6 33. Bh4 $2 (33. Qc7 $18 Qxc7 34. dxc7) 33... Rd7 $2 {[%mdl 8192]} (33... Qd7 $11) 34. Qc8+ Kh7 35. Rc7 Rxc7 36. dxc7 $2 (36. Qxc7 Qe3 37. Bxf6 Bxf6 38. Qxf7+ {[%mdl 64] Double Attack} Bg7 39. d7) 36... Nd5 37. Bg3 $2 ({White must play} 37. Qd7 $18 Ne3+ 38. Kg1 Nd5+ 39. Bf2 Qxc7 40. Qxd5) 37... Ne3+ $1 $11 {The position is equal.} 38. Kg1 Ng4+ 39. Kf1 Ne3+ 40. Kf2 {aiming for Qb8.} Nc2+ 41. Kf1 Ne3+ 42. Kf2 {Accuracy: White = 39%, Black = 33%.} 1/2-1/2

[Event "HUN-chT Youth 2019"]
[Site "Budapest"]
[Date "2019.10.28"]
[Round "5.31"]
[White "Szabo, A. Martin"]
[Black "Gombocz, Zsofia"]
[Result "0-1"]
[WhiteElo "1769"]
[BlackElo "1917"]
[Annotator "NA RC"]
[PlyCount "66"]
[EventDate "2019.10.26"]
[EventType "team-tourn"]
[EventCountry "HUN"]
[SourceTitle "playchess.com"]
[Source "ChessBase"]
[SourceQuality "1"]
[TimeControl "5400+30"]

1. Nf3 {[%emt 0:00:00]} d5 {[%emt 0:00:00]} 2. d4 {[%emt 0:00:00]} Nf6 {[%emt 0:00:00]} 3. g3 {[%emt 0:00:00]} e6 {[%emt 0:00:00]} 4. Bg2 {[%emt 0:00:00]} Be7 {[%emt 0:00:10]} 5. O-O {[%emt 0:00:04]} O-O {[%emt 0:00:07]} 6. c4 {[%emt 0:00:47]} b6 {[%emt 0:01:03]} 7. Nc3 {[%emt 0:03:37]} c6 {[%emt 0:02:54]} 8. Ne5 {[%emt 0:01:48]} Bb7 {[%emt 0:02:12]} 9. cxd5 {[%emt 0:00:50]} cxd5 {[%emt 0:00:56]} 10. Bf4 {[%emt 0:09:18]} Nbd7 {[%emt 0:03:50]} 11. Nd3 {[%emt 0:00:57]} a6 {[%emt 0:02:10]} 12. f3 {[%emt 0:05:37]} b5 {[%emt 0:04:18]} 13. a3 {[%emt 0:01:20]} Qb6 {[%emt 0:02:32]} 14. Be3 {[%emt 0:09:49]} Rfc8 {[%emt 0:11:07]} 15. Bf2 {[%emt 0:03:29]} a5 {[%emt 0:06:21]} 16. e4 {[%emt 0:08:50]} b4 {[%emt 0:03:22]} 17. axb4 {[%emt 0:04:25]} axb4 {[%emt 0:00:13]} 18. Rxa8 {[%emt 0:00:05]} Rxa8 {[%emt 0:00:26]} 19. e5 {[%emt 0:02:30]} bxc3 {[%emt 0:00:48]} 20. exf6 {[%emt 0:00:07]} Nxf6 {[%emt 0:00:16]} 21. bxc3 {[%emt 0:00:05]} Ba6 {[%emt 0:02:00]} 22. Re1 {[%emt 0:00:16]} Rc8 {[%emt 0:00:40]} 23. Nc5 {[%emt 0:04:38]} Bc4 {[%emt 0:06:58]} 24. Qa1 {[%emt 0:05:48]} Rb8 {[%emt 0:08:01]} 25. h4 {[%emt 0:02:39]} Bd6 {[%emt 0:11:23]} 26. g4 Qc6 27. h5 {[%emt 0:11:01]} Bc7 {[%emt 0:06:58]} 28. h6 {[%emt 0:08:35]} Nd7 {[%emt 0:10:34]} 29. Nxd7 {[%emt 0:00:38]} Qxd7 {[%emt 0:00:06]} 30. Qa3 {[%emt 0:05:16]} gxh6 {[%emt 0:05:34]} 31. Be3 {[%emt 0:05:32]} Qd8 {[%emt 0:02:18]} 32. g5 {[%emt 0:02:56]} hxg5 {[%emt 0:00:33]} 33. Qc1 {[%emt 0:00:13]} Qd6 {[%emt 0:01:10]} 0-1

[Event "HUN-chT Youth 2019"]
[Site "Budapest"]
[Date "2019.10.28"]
[Round "5.32"]
[White "Barasits, Balint"]
[Black "Csajbok, Levente Tamas"]
[Result "1/2-1/2"]
[WhiteElo "1988"]
[BlackElo "1820"]
[Annotator "NA RC"]
[PlyCount "82"]
[EventDate "2019.10.26"]
[EventType "team-tourn"]
[EventCountry "HUN"]
[SourceTitle "playchess.com"]
[Source "ChessBase"]
[SourceQuality "1"]
[TimeControl "5400+30"]

1. e4 {[%emt 0:00:00]} e5 {[%emt 0:00:00]} 2. Nf3 {[%emt 0:00:00]} Nc6 {[%emt 0:00:00]} 3. d4 {[%emt 0:00:00]} exd4 {[%emt 0:00:00]} 4. Nxd4 {[%emt 0:00:01]} Bc5 {[%emt 0:00:08]} 5. Nb3 {[%emt 0:00:07]} Bb6 {[%emt 0:00:20]} 6. Nc3 {[%emt 0:00:05]} Nf6 {[%emt 0:07:49]} 7. Qe2 {[%emt 0:01:37]} d6 {[%emt 0:00:24]} 8. Be3 {[%emt 0:00:08]} O-O {[%emt 0:02:16]} 9. O-O-O {[%emt 0:00:15]} Be6 {[%emt 0:05:18]} 10. f3 {[%emt 0:02:31]} Ne5 {[%emt 0:04:43]} 11. Nd4 {[%emt 0:01:30]} Ba5 {[%emt 0:07:45]} 12. Nxe6 {[%emt 0:04:54]} fxe6 {[%emt 0:00:10]} 13. Bd4 {[%emt 0:00:10]} Nc6 {[%emt 0:07:42]} 14. Qc4 {[%emt 0:02:03]} Nxd4 {[%emt 0:05:24]} 15. Qxd4 {[%emt 0:02:41]} e5 {[%emt 0:01:13]} 16. Qe3 {[%emt 0:02:04]} a6 {[%emt 0:02:38]} 17. g4 {[%emt 0:00:46]} b5 {[%emt 0:00:56]} 18. h4 {[%emt 0:04:48]} Bb6 {[%emt 0:04:04]} 19. Qd2 {[%emt 0:01:37]} b4 {[%emt 0:05:48]} 20. Na4 {[%emt 0:08:42]} Nd7 {[%emt 0:01:56]} 21. Nxb6 {[%emt 0:03:04]} Nxb6 {[%emt 0:00:08]} 22. Be2 {[%emt 0:01:02]} a5 {[%emt 0:00:33]} 23. h5 {[%emt 0:01:05]} Qd7 {[%emt 0:06:17]} 24. h6 {[%emt 0:04:29]} g6 {[%emt 0:00:19]} 25. Rdf1 {[%emt 0:00:25]} Rf4 {[%emt 0:01:48]} 26. Rhg1 {[%emt 0:23:00]} Kf7 {[%emt 0:09:47]} 27. g5 {[%emt 0:00:26]} Ke7 {[%emt 0:00:11]} 28. Rg3 {[%emt 0:01:11]} c5 {[%emt 0:02:53]} 29. Qd3 {[%emt 0:01:23]} c4 {[%emt 0:01:19]} 30. Qe3 {[%emt 0:00:08]} Qc7 {[%emt 0:00:12]} 31. Rg4 {[%emt 0:01:09]} Raf8 {[%emt 0:09:39]} 32. Rxf4 {[%emt 0:00:08]} Rxf4 {[%emt 0:00:04]} 33. c3 {[%emt 0:01:22]} Na4 {[%emt 0:05:17]} 34. Bd1 {[%emt 0:02:49]} Nb6 {[%emt 0:01:33]} 35. Rg1 {[%emt 0:00:40]} Qc5 {[%emt 0:01:23]} 36. Re1 {[%emt 0:10:02]} Qb5 {[%emt 0:01:29]} 37. Qd2 {[%emt 0:01:01]} b3 {[%emt 0:01:10]} 38. a3 {[%emt 0:04:31]} Qc5 {[%emt 0:00:55]} 39. Be2 {[%emt 0:05:27]} Rh4 {[%emt 0:01:37]} 40. Rf1 {[%emt 0:00:31]} Rf4 {[%emt 0:00:03]} 41. Rd1 {[%emt 0:00:14]} Rh4 {[%emt 0:00:10]} 1/2-1/2

[Event "HUN-chT Youth 2019"]
[Site "Budapest"]
[Date "2019.10.28"]
[Round "5.33"]
[White "Szivak, Andras"]
[Black "Kiraly, Barnabas"]
[Result "1/2-1/2"]
[WhiteElo "1730"]
[BlackElo "1742"]
[Annotator "NA RC"]
[PlyCount "91"]
[EventDate "2019.10.26"]
[EventType "team-tourn"]
[EventCountry "HUN"]
[SourceTitle "playchess.com"]
[Source "ChessBase"]
[SourceQuality "1"]
[TimeControl "5400+30"]

1. d4 {[%emt 0:00:00]} Nf6 {[%emt 0:00:00]} 2. c4 {[%emt 0:00:15]} e6 {[%emt 0:00:00]} 3. Nc3 {[%emt 0:00:38]} Bb4 {[%emt 0:00:00]} 4. e3 {[%emt 0:00:18]} O-O {[%emt 0:00:02]} 5. Bd3 {[%emt 0:05:18]} c5 {[%emt 0:01:11]} 6. Nge2 {[%emt 0:01:30]} Nc6 {[%emt 0:00:41]} 7. O-O {[%emt 0:03:27]} Bxc3 {[%emt 0:02:48]} 8. Nxc3 {[%emt 0:02:31]} cxd4 {[%emt 0:01:20]} 9. exd4 {[%emt 0:00:42]} d5 {[%emt 0:01:27]} 10. cxd5 {[%emt 0:10:20]} Nxd5 {[%emt 0:04:48]} 11. Be4 {[%emt 0:05:34]} Nde7 {[%emt 0:04:53]} 12. Be3 {[%emt 0:04:22]} Nf5 {[%emt 0:05:02]} 13. Bxf5 {[%emt 0:08:47]} exf5 {[%emt 0:00:14]} 14. d5 {[%emt 0:01:05]} Ne5 {[%emt 0:00:30]} 15. Bd4 {[%emt 0:02:09]} Ng4 {[%emt 0:03:52]} 16. h3 {[%emt 0:02:32]} Nf6 {[%emt 0:00:25]} 17. Qb3 {[%emt 0:01:44]} f4 {[%emt 0:05:46]} 18. f3 {[%emt 0:09:03]} Nh5 {[%emt 0:02:03]} 19. Bc5 {[%emt 0:05:08]} Re8 {[%emt 0:03:25]} 20. Rfe1 {[%emt 0:01:30]} b6 {[%emt 0:02:22]} 21. Bd4 {[%emt 0:03:37]} Bd7 {[%emt 0:04:43]} 22. Qc2 {[%emt 0:07:28]} Qg5 {[%emt 0:02:32]} 23. Ne4 {[%emt 0:07:49]} Qg6 {[%emt 0:07:39]} 24. h4 {[%emt 0:09:10]} Ng3 {[%emt 0:04:55]} 25. Qc7 {[%emt 0:04:00]} Nxe4 {[%emt 0:12:15]} 26. Qxd7 {[%emt 0:01:01]} Nd6 {[%emt 0:02:14]} 27. Qc6 {[%emt 0:01:30]} Rec8 {[%emt 0:02:18]} 28. Qd7 {[%emt 0:01:00]} Rd8 {[%emt 0:00:02]} 29. Qc6 {[%emt 0:00:38]} Rac8 {[%emt 0:00:03]} 30. Qa4 {[%emt 0:00:51]} Rc2 {[%emt 0:00:58]} 31. Bf2 {[%emt 0:00:35]} Rdc8 {[%emt 0:01:39]} 32. Rf1 {[%emt 0:00:46]} h5 {[%emt 0:00:03]} 33. Qxf4 {[%emt 0:00:23]} Rxb2 {[%emt 0:00:23]} 34. Rac1 {[%emt 0:00:37]} Rcc2 {[%emt 0:00:07]} 35. Rxc2 {[%emt 0:00:20]} Rxc2 {[%emt 0:00:02]} 36. Qg3 {[%emt 0:00:21]} Rxa2 {[%emt 0:00:59]} 37. Qxg6 {[%emt 0:00:35]} fxg6 {[%emt 0:00:01]} 38. Bg3 {[%emt 0:00:39]} Nb7 {[%emt 0:04:15]} 39. Rd1 {[%emt 0:00:34]} Nc5 {[%emt 0:00:01]} 40. d6 {[%emt 0:00:26]} Nd7 {[%emt 0:00:01]} 41. Re1 {[%emt 0:00:33]} Nf6 {[%emt 0:02:01]} 42. Re7 {[%emt 0:00:31]} Kf8 {[%emt 0:02:47]} 43. Rc7 {[%emt 0:00:23]} b5 {[%emt 0:00:48]} 44. Rc8+ {[%emt 0:00:33]} Kf7 {[%emt 0:00:06]} 45. Rc7+ {[%emt 0:00:13]} Kf8 {[%emt 0:00:01]} 46. Rc8+ {[%emt 0:00:43]} 1/2-1/2